| 000 | 01065 a2200193 4500 | ||
|---|---|---|---|
| 001 | 54196 | ||
| 005 | 20260407155812.0 | ||
| 008 | 260407a1961 arg spa d | ||
| 003 | AR-UNSa-BCEJYS | ||
| 040 |
_aAR-UNSa-BCEJYS _bspa _cAR-UNSa-BCEJYS |
||
| 080 |
_a141.82 _xSocialismo científico, comunismo, marxismo, marxismo-leninismo |
||
| 245 | 1 | 0 | _aMarx y su concepto del hombre |
| 264 | 1 |
_aMéxico : _bFondo de Cultura Económica _c1961 |
|
| 300 |
_a271 p. _c17 cm. |
||
| 505 | _aEl concepto del hombre en Marx - 1. La falsificación de las concepciones de Marx - 2. El materialismo histórico de Marx - 3. El problema de la conciencia,la estructura social y el uso de la fuerza - 4. La naturaleza del hombre - 5. La enajenación - 6. La concepción del socialismo en Marx - 7. La continuidad en el pensamiento de Marx - 8. Marx,el hombre - Ápendice I: Manuscritos económico-filosóficos de Karl Marx - Ápendice II: Otros escritos de Marx - Ápendice III: Sobre Karl Marx | ||
| 942 | _cBK | ||
| 590 | _aniveau_biblio:m niveau_hierar:0 | ||
| 100 | 1 | _aFromm, Erich | |
| 999 |
_c5367 _d5367 |
||